Integration of GIS and remote sensing

Αποθηκεύτηκε σε:
Λεπτομέρειες βιβλιογραφικής εγγραφής
Άλλοι συγγραφείς: Mesev, Victor (Επιμελητής έκδοσης)
Μορφή: Βιβλίο
Γλώσσα:English
Δημοσίευση: Chichester, West Sussex : Wiley, 2007
Σειρά:Mastering GIS
Θέματα:
Ετικέτες: Προσθήκη ετικέτας
Δεν υπάρχουν, Καταχωρήστε ετικέτα πρώτοι!

MARC

LEADER 00000nam a2200000 i 4500
001 1/5788
008 100317s2007 eng d
020 |a 978-0-470-86409-8 (hbk.) 
035 |l 10107287 
040 |a GR-MY-UA  |b gre  |e aacr 
041 0 |a eng 
082 0 |a 910.285  |2 (22) 
245 1 0 |a Integration of GIS and remote sensing /  |c edited by Victor Mesev 
260 |a Chichester, West Sussex :   |b Wiley,   |c 2007 
300 |a xvi, 296 σ.;  |b εικ.;  |c 24 εκ. 
490 1 |a Mastering GIS 
504 |a Περιέχει βιβλιογραφικές παραπομπές και ευρετήριο 
650 0 0 |a Geographic information systems. 
650 0 0 |a Remote sensing. 
700 1 |a Mesev, Victor.  |4 edt 
830 0 |a Mastering GIS 
852 |a INST  |b LESVOS  |e 20100317  |h 910.285 INT  |p 005100046800  |q 005100046800  |t BK  |y 0 
901 |a BIBL1-2010-1 
909 |a Λ  |b 152266 
922 |a 1ΕΛΗ  |b 200803  |c ΕΠΕΑΕΚ2/ΤΓ  |d ΕΛΕΥΘΕΡΟΥΔΑΚΗΣ 
970 |a ΚΑΡΑ  |b ΓΙΑΣΕΜΗ  |z 2010/03/17